00325nam a2200121Ia 4500008004100000041000800041082001200049100001600061245004500077260004700122300002300169365001100192240624s9999 xx 000 0 und d aeng a331 MAM aMAMORIA C B aDYNAMICS OF INDUSTRIAL RELATIONS IN INDI c2008aNew DelhibHimalaya Publishing House a793 : p. : cm ; 24 cRSb25